000 01415cam a22004454i 4500
003 PE-LiUPU
005 20250731165537.0
008 150625s r 000 0 d
035 _a(Sirsi) a32200
040 _aPE-LiUPU
_bspa
_cPE-LiUPU
_erda
082 0 4 _a420.463
_bA47
_221
100 1 _aAllison Peers, Edgar,
_eautor.
245 1 0 _aCassell Español-inglés Spanish-english.
_n2 /
_cEdgar Allison Peers.
264 1 _aBarcelona :
_bCassell - London,
_c1982.
300 _a118 páginas ;
_c25 cm.
336 _atext
_2rdacontent
337 _aunmediated
_2rdamedia
338 _avolume
_2rdacarrier
505 0 _aCassell Inglés español english-spanish. De: G-Q.
526 _aSEG44
526 _aSEG26
526 _aP151
526 _aP150
526 _aP149
526 _aP146
526 _aP145
526 _aP126
526 _aP125
526 _aP92
526 _aP75
526 _aP74
526 _aP27
526 _aP15
910 _bgl
_chf
_d20041227
942 _2ddc
_cBOOK
949 _aRC 420.463 A47 2
_wDEWEY
_c1
_i27443
_lCCODEBUL1
_mBUL
_p00.00
_r0
_sY
_tBOOK
_u2015-06-25
_xEDUCACION
_zUNKNOWN
_0COMPRA
_o.STAFF. Colección General
596 _a1
999 _aRC 420.463 A47 2
_wDEWEY
_c39834
_i27443
_f2021-11-8
_g9
_lCCODEBUL1
_mBUL
_r0
_sY
_tBOOK
_u2015-6-25
_xBIBLIOTECA
_zUNKNOWN
_0COMPRA
_o.STAFF. Colección General
_d39834
980 _81
_gALBERTO SANCHEZ Responsable de Automatización